000 00513pam a2200157a 44500
008 230515b2018 xxu||||| |||| 00| 0 eng d
020 _a9789383864287
041 _aENGLISH
082 _a000
100 _aMINISTRY OF AYUSH
245 _aGLIMPSES OF CCRAS CONTRIBUSTION 50 PHYTOCHEMISTRY DRUG STANDARDIZATION AND QUALITY ASSURANCE
250 _aI
260 _aNEW DELHI
_bNULL
_c2018
300 _a191
650 _aGLIMPSES OF CCRAS CONTRIBUSTION 50 PHYTOCHEMISTRY DRUG STANDARDIZATION AND QUALITY ASSURANCE
999 _c502259
_d502259